00359nam a2200133Ia 4500008004100000020001500041041001200056082001600068100002000084245006700104260002500171300000800196650002100204221030s9999 xx 000 0 und d a0070494649 aEnglish a105.23bSch aR. J. Schalkoff 0aArtifical Neural Networks ( DEPARTMENTAL )cby R. J. Schalkoff bTMHaNew Delhic2006 a422 aCSE Departmental